Ley de los Impuestos Generales de Importacin̤ y Exportacin̤ 2020

Bibliographic Details
Format: eBook
Language:Spanish
Published: Ciudad de Mx̌ico: Ediciones Fiscales ISEF, 2020
Subjects:
Online Access:Acceso restringido

MARC

LEADER 00000nam a22000007a 4500
005 20201028223333.0
007 cr|||| ||||
008 201028s2020 mx |||||s|||| 00||0 spa d
020 |a 978-368-726-518-4 
035 |a 32098 
040 |a vLex 
090 |c 10802  |d 10802 
245 0 0 |a Ley de los Impuestos Generales de Importacin̤ y Exportacin̤ 2020  |h [Recurso electrn̤ico] / 
256 |a Servicio en ln̕ea 
260 |a Ciudad de Mx̌ico:  |b Ediciones Fiscales ISEF,  |c 2020 
300 |a 1 recurso electrn̤ico 
506 1 |a Disponible solo en los productos indicados  |d vLex Global  |d vLex Global (Academic Edition, excluding Law Schools)  |d vLex Global (U.S. Academic Edition, Law Schools)  |d vLex Global (U.S. Academic Edition, excluding Law Schools)  |d vLex Global (Academic Edition, Law Schools) 
650 0 4 |a Derecho Fiscal  |z Mx̌ico 
740 0 |a vLex Libros (Servicio en ln̕ea) 
856 4 0 |u http://vlex.com/source/ley-impuestos-generales-importacion-exportacion-2020-32098  |z Acceso restringido 
942 |c BOOK 
999 0 |a Tax Law